000 00915cad a22002175a 4500
001 E153484
008 110802s2007 xxk f 000 0 eng d
035 _a(Sirsi) u153484
041 0 _aeng
100 1 _aAllmendinger, Philip
245 0 4 _aThe "Fourth Way"
_bpartnership based alternatives to development control
_h[electronic resource]
260 _aLondon
_bRICS
_c2007
490 0 _aRICS Findings in Built and Rural Environments
520 _aSuggests that the current "top down" system of planning should be changed to better meet the needs of environmental protection, social inclusion and development delivery.
521 _aAdvanced
651 4 _aUnited Kingdom
_y
690 _aENVIRONMENTAL AND LAND CONSULTANCY-PLANNING AND DEVELOPMENT
700 1 _aRoberts, Amy
856 4 0 _uhttps://www.rics.org/site/download_feed.aspx?fileID=3446&fileExtension=PDF
_zBroken link - not available
942 _n0
999 _c112546
_d112546